Every Word in a Mario Kart Track Name (American) - Statistics

General Stats
  • This quiz has been taken 38 times
  • The average score is 90 of 154
Answer Stats
Hint Answer % Correct
4 Luigi
100%
12 Mario
100%
8 Rainbow
96%
9 Road
96%
6 Beach
88%
8 Bowser
88%
19 Circuit
88%
3 Peach
88%
5 Wario
88%
4 Yoshi
88%
13 Castle
83%
3 Daisy
83%
4 Land
83%
1 Mount
83%
5 Park
83%
2 Toad
83%
2 Waluigi
83%
2 Mansion
79%
3 Mushroom
79%
3 Choco
75%
1 Farm
75%
1 Garden
75%
3 Island
75%
3 Jungle
75%
1 Meadows
75%
4 Moo
75%
3 Mountain
75%
1 Blue
71%
6 Cheep
71%
4 Desert
71%
4 DK
71%
5 Dry
71%
2 Falls
71%
1 Big
67%
5 Bowser's
67%
3 City
67%
3 Ice
67%
4 Koopa
67%
1 Mall
67%
4 Stadium
67%
1 Turnpike
67%
1 Water
67%
1 Coconut
63%
3 Ghost
63%
3 Guy
63%
1 Kart
63%
1 Loop
63%
1 Maple
63%
1 Moonview
63%
1 Music
63%
3 Raceway
63%
2 Ruins
63%
3 Shy
63%
1 Sky
63%
1 Snow
63%
2 Toad's
63%
1 Treeway
63%
1 Volcano
63%
1 Baby
58%
1 Cape
58%
1 Delfino
58%
1 Grumble
58%
1 Highway
58%
2 Hills
58%
1 Luigi's
58%
1 Mine
58%
1 Parkway
58%
1 Pinball
58%
1 Ribbon
58%
1 Square
58%
1 Summit
58%
1 Thwomp
58%
1 Troopa
58%
2 Wuhu
58%
1 Animal
54%
1 Bone
54%
1 Boo
54%
1 Cheese
54%
1 Crossing
54%
1 Cruise
54%
1 Factory
54%
1 Gold
54%
1 Gorge
54%
3 Lake
54%
1 Pass
54%
1 Riverside
54%
2 Sherbet
54%
2 Sweet
54%
4 Valley
54%
1 Wario's
54%
1 Wild
54%
1 Airport
50%
1 Colosseum
50%
3 Donut
50%
1 Harbor
50%
1 Hyrule
50%
1 Maka
50%
1 Mute
50%
1 Neo
50%
1 Plant
50%
1 Ridge
50%
1 Shroom
50%
1 Sunset
50%
1 Wilds
50%
8 1
46%
8 2
46%
5 3
46%
2 4
46%
1 Airship
46%
1 Bridge
46%
1 Canyon
46%
1 Clock
46%
1 Cruiser
46%
2 Dino
46%
1 Dolphin
46%
1 Dragon
46%
1 Driftway
46%
1 Electrodrome
46%
1 Fortress
46%
1 Frappe
46%
1 Kalimari
46%
1 Lagoon
46%
1 Lakeside
46%
1 Pier
46%
1 Piranha
46%
1 Shoals
46%
1 Slide
46%
1 Snowland
46%
1 Sunshine
46%
1 Super
46%
1 World
46%
1 Arena
42%
1 Banshee
42%
1 Bell
42%
1 Boardwalk
42%
1 Broken
42%
1 Cloudtop
42%
1 Dunes
42%
1 Excitebike
42%
1 Figure-8
42%
1 Outpost
42%
3 Plains
42%
1 Rosalina's
42%
1 Royal
42%
1 Shipyard
42%
1 Tick-Tock
42%
1 Twisted
42%
2 Vanilla
42%
1 D.K.'s
38%
1 Gardens
38%
2 Rock
38%
1 Subway
38%
1 Woods
38%
1 Bazaar
33%
No matching quizzes found
Score Distribution
Percent of People with Each Score
Percentile by Number Answered
Your Score History
You have not taken this quiz